Journal of Urdu Studies.

محفوظ في:

التنسيق: دورية

اللغة: Undetermined

الموضوعات:

الوصول للمادة أونلاين: Login to view Source

الوسوم: إضافة وسم

لا توجد وسوم, كن أول من يضع وسما على هذه التسجيلة!

رقم الطلب:

LEADER 00523nms a2200181Ia 4500
005 20240402061140.0
008 240131s9999||||xx |||||||||||||||||und||
999 |c 56574  |d 56574 
022 |a 2665-9042 
022 |a 2665-9050 
245 0 0 |a Journal of Urdu Studies. 
336 |2 rdacontent  |a text  |b txt 
337 |2 rdamedia  |a unmediated  |b n 
338 |2 rdacarrier  |a volume  |b n 
500 |a BRILLBRILLJ 
650 4 |a Language: reference & general. 
856 |z URDS  |u https://brill.com/view/journals/urds/urds-overview.xml 
942 |2 lcc  |c EJL